Vplyv termoplastického škrobu na vybrané vlastnosti gumárskych zmesí na báze EPDM kaučuku bakalárska práca

Guardado en:
Detalles Bibliográficos
Autor principal: Nováková, Viera
Formato: Libro
Lenguaje:eslovaco
Publicado: Bratislava STU FCHPT 2014
Acceso en línea:Ver en el OPAC
Etiquetas: Agregar Etiqueta
Sin Etiquetas, Sea el primero en etiquetar este registro!

MARC

LEADER 00000nam a2200000 a 4500
005 20260127134340.0
008 151125 2014 000 0 slo d
035 |a vtls011424260 
039 9 |a 202006031617  |b msnk00  |y 201511250935  |z mschk03 
040 |a STUSCHK1  |b slo  |c STUSCHK1  |e AACR2 
100 1 |a Nováková, Viera  |9 475 
245 1 |a Vplyv termoplastického škrobu na vybrané vlastnosti gumárskych zmesí na báze EPDM kaučuku  |b bakalárska práca  |c Viera Nováková 
260 |a Bratislava  |b STU FCHPT  |c 2014 
300 |a 43 s.  |b il.  |c 25 cm 
500 |a Študijný program: chémia, medicínska chémia a chemické materiály 
500 |a Študijný odbor: chémia, chemické materiály 
500 |a Školiace pracovisko: Odd. plastov a kaučuku 
500 |a Evid. číslo: FCHPT-13569-42852 
910 |a SCHK95 
999 |c 10491  |d 10491